| 000 | 00818nam a2200253Ia 4500 | ||
|---|---|---|---|
| 003 | OSt | ||
| 005 | 20200715163553.0 | ||
| 008 | 191128s1995 ck fr 000 0 spa d | ||
| 020 | _a9586016587 | ||
| 040 |
_aCO-JMCR _cCO-JMCR |
||
| 041 | 0 | _aspa | |
| 082 | 0 | 4 |
_a338.9 / _bG633e _223 |
| 100 | 1 |
_aGómez Buendia, Hernando, _eeditor _97337 |
|
| 245 | 1 | 0 |
_aEconomía y opinión / _cHernando Gómez Buendia, editor |
| 250 | _aPrimera edición | ||
| 260 |
_aBogotá : _bTercer Mundo, _c1995 |
||
| 300 |
_axvii, 301 páginas ; _c21 cm. |
||
| 490 | 0 | _aAcadémica. Economía colombiana | |
| 505 | 0 | _aProtagonistas -- Contradictores -- Observadores -- Analistas | |
| 650 | 1 | 4 |
_aEconomía colombiana _97338 |
| 650 | 1 | 4 |
_aInvestigaciones económicas _94613 |
| 650 | 1 | 4 |
_aCentros de investigación _97339 |
| 942 |
_2ddc _cBK |
||
| 999 |
_c5581 _d5581 |
||